000
00300nam a22001337a 4500
008
180313b xxu||||| |||| 00| 0 eng d
020
_a
pl21895739e
041
_a
eng
080
_a
336
100
_a
57
101
_a
BUS
245
_a
BASIC BUSSINESS STATISTICS
_c
KREHBIEL.B.L
942
_2
udc
_c
BK
999
_c
44904
_d
44904